Intencionalidad, actualidad y esencia : Husserl y Zubiri /

Wedi'i Gadw mewn:
Manylion Llyfryddiaeth
Prif Awdur: Tirado San Juan, Víctor Manuel (autor)
Fformat: Llyfr
Iaith:Sbaeneg
Cyhoeddwyd: Salamanca, España : Universidad Pontificia de Salamanca, 2002, c2002
Cyfres:(Bibliotheca Salmanticensis. Estudios ; 246)
Pynciau:
Tagiau: Ychwanegu Tag
Dim Tagiau, Byddwch y cyntaf i dagio'r cofnod hwn!

MARC

LEADER 00000nam^a2200000^a^4500
001 000350915
005 20250521000000.0
009 20260310114955.333
020 |a 84-7299-538-0 
037 |a Acervo Xavier Clavigero 
041 |a ESP 
082 |a 149. 2  |b ZUB EST TIR 
100 |a Tirado San Juan, Víctor Manuel  |e (autor) 
245 1 0 |a Intencionalidad, actualidad y esencia :  |b Husserl y Zubiri /  |c V.M. Tirado San Juan. 
264 4 |a Salamanca, España :  |b Universidad Pontificia de Salamanca,  |c 2002, c2002 
300 |a 368 p. 
336 |a texto  |b txt  |2 rdacontenido 
337 |a sin mediación  |b n  |2 rdamedio 
338 |a volumen  |b nc  |2 rdasoporte 
440 1 |a (Bibliotheca Salmanticensis.  |p Estudios ;  |v 246) 
545 0 |a Xavier Zubiri (1898-1983), filósofo español, creador de un sistema filosófico fundado en el en sí de la realidad, desde donde sienta las bases de una nueva epistemología, metafísica, antropología, filosofía de la religión y de la historia; su pensamiento se inscribe en la filosofía radical de la realidad, que supone una primigenia actitud de apertura de realidad y de arraigo al poder de lo real. Obtuvo su doctorado en filosofía y teología; complementó su formación en filosofía, al lado de Ortega y Gasset, Husserl y Heidegger; en física y matemáticas, con Charles-Jean de la Vallée-Poussin, Erwin Schrödinger y Louis de Broglie; en biología, con Noyons, Spemann y Mangold; en lenguas orientales, con Labat y Benveniste. Entre sus obras principales se encuentran Estructura dinámica de la realidad; la trilogía Inteligencia sentiente compuesta por Inteligencia y realidad, Inteligencia y razón, Inteligencia y verdad; Sobre la esencia; Naturaleza, historia y Dios; Hombre y Dios; Sobre el hombre; El problema filosófico de la historia de las religiones; entre otras. 
649 |a XX 
650 |a Filósofos Españoles 
650 |a Filósofos Alemanes 
650 |a Esencia (Filosofía) 
650 |a Conciencia 
650 |a Intencionalidad -  |x Filosofía 
650 |a Inteligencia -  |x Filosofía 
650 |a Logos (Filosofía) 
650 |a Metafísica 
650 |a Epistemología 
650 |a Fenomenología -  |x Historia y Crítica 
650 |a Realidad -  |x Filosofía -  |x Historia y Crítica -  |x Tema Principal 
650 |a Filosofía del Siglo XX -  |x Historia y Crítica 
650 |a Filosofía Española -  |x Historia y Crítica 
650 |a Filosofía Alemana -  |x Historia y Crítica 
650 |a Zubiri, Xavier -  |x Tema Principal 
650 |a Husserl, Edmund -  |x Tema Principal 
910 |a Fondo General 
920 |a Impresos - Libros 
930 |a Colección General 
905 |a 101 
901 |a 0500241478  |b IT1  |c ACC  |i FXC C1128  |u 20250521 
902 |a https://opac.biblio.iteso.mx/vufind/Record/000350915